Информационные технологии: учебник

Manylion Llyfryddiaeth
Awduron Eraill: Голицына О. Л. Ольга Леонидовна, Максимов Н. В. Николай Вениаминович, Партыка Т. Л. Татьяна Леонидовна, Попов И. И. Игорь Иванович
Crynodeb:Рассматриваются классификация и структура автоматизированных информационных технологий (АИТ), связанные с ними понятия и определения, роль предметной области. Приводятся базовые АИТ пользователя — обработка текстов, таблиц, мультимедийных данных; смешанные АИТ — распознавание символов, преобразование речи в текст и обратно, машинный перевод. Рассматриваются технологии администратора и разработчика АИС и АИТ — доступ к данным в локальном и сетевом режимах, клиент-серверные архитектуры, стратегии информационного поиска, проблемы защищенных АИТ. Для студентов специальностей "Информационные системы/прикладная информатика (по областям применения)", "Программное обеспечение вычислительной техники и автоматизированных систем", а также для широкого круга специалистов в области информатизации.
Iaith:Rwseg
Cyhoeddwyd: Москва, Форум, 2012
Rhifyn:2-е изд., перераб. и доп.
Pynciau:
Fformat: Llyfr
KOHA link:https://koha.lib.tpu.ru/cgi-bin/koha/opac-detail.pl?biblionumber=205127

MARC

LEADER 00000nam0a2200000 4500
001 205127
005 20231101225247.0
010 |a 9785911341787 
010 |a 978-5-16-003207-8 
035 |a (RuTPU)RU\TPU\book\223580 
035 |a RU\TPU\book\215588 
090 |a 205127 
100 |a 20110615d2012 m y0rusy50 ca 
101 0 |a rus 
102 |a RU 
105 |a a j 001zy 
200 1 |a Информационные технологии  |e учебник  |f О. Л. Голицына [и др.] 
205 |a 2-е изд., перераб. и доп. 
210 |a Москва  |c Форум  |c Инфра-М  |d 2012 
215 |a 608 с.  |c ил. 
320 |a Библиогр.: с. 558-560. 
320 |a Глоссарий: с. 561-604. 
320 |a Список сокращений: с. 605. 
330 |a Рассматриваются классификация и структура автоматизированных информационных технологий (АИТ), связанные с ними понятия и определения, роль предметной области. Приводятся базовые АИТ пользователя — обработка текстов, таблиц, мультимедийных данных; смешанные АИТ — распознавание символов, преобразование речи в текст и обратно, машинный перевод. Рассматриваются технологии администратора и разработчика АИС и АИТ — доступ к данным в локальном и сетевом режимах, клиент-серверные архитектуры, стратегии информационного поиска, проблемы защищенных АИТ. Для студентов специальностей "Информационные системы/прикладная информатика (по областям применения)", "Программное обеспечение вычислительной техники и автоматизированных систем", а также для широкого круга специалистов в области информатизации. 
606 1 |a Информационные технологии  |x Вычислительная техника  |2 stltpush  |3 (RuTPU)RU\TPU\subj\36205  |9 57667 
610 1 |a информатика 
610 1 |a термины 
610 1 |a понятия 
610 1 |a информационные процессы 
610 1 |a документы 
610 1 |a текстовая информация 
610 1 |a языки разметки 
610 1 |a XML 
610 1 |a текстовые редакторы 
610 1 |a электронные таблицы 
610 1 |a мультимедийные технологии 
610 1 |a аудиоинформация 
610 1 |a аудиосигналы 
610 1 |a статические изображения 
610 1 |a обработка 
610 1 |a программные средства 
610 1 |a цифровое видео 
610 1 |a трехмерная компьютерная графика 
610 1 |a информационные кросс-технологии 
610 1 |a символы 
610 1 |a оптическое распознавание 
610 1 |a речь 
610 1 |a генерация 
610 1 |a тексты 
610 1 |a автоматизированный перевод 
610 1 |a автоматический перевод 
610 1 |a данные 
610 1 |a файловые системы 
610 1 |a базы данных 
610 1 |a управление 
610 1 |a хранилища 
610 1 |a сетевые технологии 
610 1 |a компьютерные сети 
610 1 |a распределенная обработка 
610 1 |a информационная безопасность 
610 1 |a информационная защита 
610 1 |a криптографические методы 
610 1 |a компьютерные вирусы 
610 1 |a средства защиты 
610 1 |a учебники 
675 |a 004(075.8)  |v 4 
701 1 |a Голицына  |b О. Л.  |g Ольга Леонидовна 
701 1 |a Максимов  |b Н. В.  |g Николай Вениаминович 
701 1 |a Партыка  |b Т. Л.  |g Татьяна Леонидовна 
701 1 |a Попов  |b И. И.  |g Игорь Иванович 
801 1 |a RU  |b 63413507  |c 20111207 
801 2 |a RU  |b 63413507  |c 20150422  |g RCR 
900 |a Информационные технологии 
900 |a Математическое и программное обеспечение вычислительных машин, комплексов и компьютерных сетей 
942 |c BK 
951 |b 230700 
952 |b 230100 
959 |a 98/20111207  |d 7  |e 229,90  |f ЧЗТЛ:1  |f АНЛ:1